La Biblia del niño: Selección de textos bíblicos

Zapisane w:
Opis bibliograficzny
Korporacja: Ayuda a la Iglesia Necesitada (Autor)
Format: Książka
Język:hiszpański
Wydane: Estella Verbo Divino 1987
Wydanie:37a. ed
Hasła przedmiotowe:
Etykiety: Dodaj etykietę
Nie ma etykietki, Dołącz pierwszą etykiete!

MARC

LEADER 00000nam a2200000 a 4500
001 UCH5253
003 CL-VaPUC
008 091014e19870000SP |||||||||||||||||spa|d
020 |a 8471510219 
082 0 4 |a 220  |b AYU  |2 21 
110 2 |a Ayuda a la Iglesia Necesitada  |e author  |9 541515 
245 1 3 |a La Biblia del niño: Selección de textos bíblicos 
250 |a 37a. ed 
300 |a 64 p 
942 |c BK 
945 |d 20091014 00:00:00  |a ccalabra 
260 |a Estella  |b Verbo Divino  |c 1987 
650 0 |a Cristianismo  |9 257361 
650 0 |a Biblia  |9 257603 
650 0 |a Antiguo testamento   |9 313678 
650 0 |a Nuevo testamento  |9 257604 
650 7 |a PERSONAJES BIBLICOS  |2 CL-VaPUC  |9 478621 
583 |a last modification  |c 20091014 00:00:00  |k Rodrigo Vera 
999 |c 336422  |d 336420